Guide to solutions for inorganic chemistry
Đã lưu trong:
| 主要作者: | |
|---|---|
| 格式: | 图书 |
| 语言: | Undetermined |
| 出版: |
Oxford, New York
Oxford Univ. Press
1995
|
| 主题: | |
| 标签: |
添加标签
没有标签, 成为第一个标记此记录!
|
| Thư viện lưu trữ: | Trung tâm Học liệu Trường Đại học Cần Thơ |
|---|
| LEADER | 00544nam a2200193Ia 4500 | ||
|---|---|---|---|
| 001 | CTU_22776 | ||
| 008 | 210402s9999 xx 000 0 und d | ||
| 020 | |b 67.5df | ||
| 082 | |a 546.076 | ||
| 082 | |b S912 | ||
| 100 | |a S H Strauss | ||
| 245 | 0 | |a Guide to solutions for inorganic chemistry | |
| 245 | 0 | |c S H Strauss | |
| 260 | |a Oxford, New York | ||
| 260 | |b Oxford Univ. Press | ||
| 260 | |c 1995 | ||
| 650 | |a chemistry, inorganic - problems, exercises | ||
| 904 | |i Minh, 980618 | ||
| 980 | |a Trung tâm Học liệu Trường Đại học Cần Thơ | ||